| Поле | Инд. | ПП | Название | Значение |
|---|---|---|---|---|
| Тип записи | a | |||
| Библиографический уровень | b | |||
| 001 | Контрольный номер | RU/IS/BASE/269359767 | ||
| 005 | Дата корректировки | 20201113161806.1 | ||
| 008 | Кодируемые данные | 20080714 | ||
| 040 | b | Код языка каталог. | rus | |
| e | Правила каталог. | PSBO | ||
| 041 | 0_ | a | Код языка текста | rus |
| 084 | a | Индекс другой классификации/Индекс ББК | 85.147.5г(2); 85.143(2)5л61 | |
| 100 | 1_ | a | Автор | Маркина Л. |
| q | Полное имя | Маркина Людмила | ||
| 245 | 10 | a | Заглавие | Загадка "Неизвестной с розой" |
| c | Ответственность | фотографии В. Некрасова | ||
| 520 | 0_ | a | Аннотация | О судьбе портрета "Неизвестная с розой" кисти Д.Г. Левицкого из коллекции А.Д. Копеловича |
| 600 | 14 | a | Персоналии | Копелович Александр Давидович |
| a | Персоналии | Левицкий Дмитрий Григорьевич | ||
| 650 | 04 | a | Основная рубрика | живопись |
| a | Основная рубрика | изобразительное искусство | ||
| a | Основная рубрика | искусство; история изобразительного искусства | ||
| 653 | 0_ | a | Ключевые слова | "Неизвестная с розой" |
| a | Ключевые слова | XVIII век | ||
| a | Ключевые слова | XX век | ||
| a | Ключевые слова | коллекции | ||
| a | Ключевые слова | подлинность | ||
| a | Ключевые слова | портрет | ||
| a | Ключевые слова | Россия | ||
| a | Ключевые слова | Третьяковская галерея | ||
| a | Ключевые слова | экспертиза | ||
| 700 | 1_ | a | Автор | Некрасов В. |
| e | Роль лиц | фотограф | ||
| q | Полное имя | Некрасов Вадим | ||
| 773 | 08 | t | Заглавие источника | Наше наследие |
| d | Дата издания источника | 1991 | ||
| g | Прочая информация | № 5(23). - С. 137 - 139 : ил. | ||
| w | Контрольный № источника | RU/IS/BASE/179596151 | ||
| 901 | t | Тип документа | b |